000 00281 a2200145 4500
001 169853
020 _a
040 _cMagnum
100 _a-
240 1 0 _aValores e educação
_lpor
245 1 0 _aValores e educação
362 0 _a1899
697 _aSOCIOLOGIA
942 _cBK
999 _c169853
_d169853